Geosecs atlantic, pacific, and inian ocean expeditions

Na minha lista:
Detalhes bibliográficos
Main Authors: Ostlund, H. Gote (Author), Craig, Harmond (Author), Broecker, Wallace S (Author), Spencer, Derek (Author)
Formato: Livro
Idioma:inglês
Publicado em: Washington, D.C National Science Fundation 1987
Assuntos:
Tags: Adicionar Tag
Sem tags, seja o primeiro a adicionar uma tag!

MARC

LEADER 00000nam a2200000 a 4500
001 UCR4942
003 CL-VaPUC
008 980320e19870500US |||||||||||||||||eng|d
082 0 4 |a 551.46  |b OST  |2 21 
100 0 |a Ostlund, H. Gote  |e author  |9 405549 
700 0 |a Craig, Harmond  |e author  |9 405550 
700 0 |a Broecker, Wallace S  |e author  |9 405551 
700 0 |a Spencer, Derek  |e author  |9 405552 
245 1 0 |a Geosecs atlantic, pacific, and inian ocean expeditions 
300 |a v 
942 |c BK 
945 |d 19980320 00:00:00  |a crobeson 
260 |a Washington, D.C  |b National Science Fundation  |c 1987 
600 0 7 |a GEOSECS  |2 CL-VaPUC  |9 405553 
650 0 |a Oceanografía  |9 260014 
650 0 |a Investigación científica  |9 259857 
650 0 |a Mapas  |9 260844 
651 7 |a OCEANO ATLANTICO  |2 CL-VaPUC  |9 262204 
651 7 |a OCEANO PACIFICO  |2 CL-VaPUC  |9 262019 
651 7 |a OCEANO INDICO  |2 CL-VaPUC  |9 317834 
583 |a last modification  |c 19980320 00:00:00  |k Rodrigo Vera 
999 |c 267721  |d 267719